Odpowiesz na te pytania 1# - Statystyki

Ogólne statystyki
  • Ten quiz został rozwiązany 40 razy
  • Średni wynik to 6 z 15
Statystyki odpowiedzi
Zagadnienie Odpowiedź % Poprawnych
Jakie państwo ma najbliżej do Polski Austria
80%
Które państwo nie istnieje współcześnie Nowa Fundlandia
80%
Gdzie znajduje się Bahrajn Azja
60%
Jakie państwo miało całą zieloną flagę Libia
60%
Jamajka to Państwo
60%
Jakie państwo ma 🇰🇳 taką flagę Saint Kitts i Nevis
60%
Jakie państwo ma w nazwie "r"
40%
Jakie państwo ma największą stolicę Austria
40%
Jakie państwo ma w sobie stolicę Mezopotamii Irak
40%
Jakie państwo ma największe miasto na świecie Japonia
20%
Jakie państwo miało całą czerwoną flagę Oman
20%
Salwador to Wszystko z tych wyborów
20%
Które państwo to Eswatini/Suazi
0%
Jakie państwo ma największą powierzchnię Gwinea
0%
Kolumbia to Istnieje zarówno państwo jak i miasto Kolumbia
0%
Nie znaleziono quizów pasujących do podanych kryteriów
Rozkład punktacji
Procent ludzi z każdym wynikiem
Percentyl według liczby udzielonych odpowiedzi
Twoja historia wyników
Nie rozwiązałeś tego quizu